Figura y pensamiento del cardenal Belluga a través de su Memorial antirregalista a Felipe V / (Record no. 98343)

MARC details
000 -LEADER
campo de control de longitud fija 00712nam a2200205 i 4500
001 - NÚMERO DE CONTROL
campo de control 98343
003 - IDENTIFICADOR DE NÚMERO DE CONTROL
campo de control ES-MaACL
005 - FECHA Y HORA DE LA ÚLTIMA TRANSACCIÓN
campo de control 20260126130019.0
007 - CAMPO FIJO DE DESCRIPCIÓN FÍSICA--INFORMACIÓN GENERAL
campo de control de longitud fija t|
008 - DATOS DE LONGITUD FIJA--INFORMACIÓN GENERAL
campo de control de longitud fija 050728s1960 sp ||||1| spa d
100 1# - ENTRADA PRINCIPAL--NOMBRE DE PERSONA
Nombre de persona Martín Martínez, Isidoro.
9 (RLIN) 77559
245 10 - MENCIÓN DEL TÍTULO
Título Figura y pensamiento del cardenal Belluga a través de su Memorial antirregalista a Felipe V /
Mención de responsabilidad, etc. Isidoro Martín.
260 ## - PUBLICACIÓN, DISTRIBUCIÓN, ETC.
Lugar de publicación, distribución, etc. Murcia :
Nombre del editor, distribuidor, etc. [Academia Alfonso X El Sabio],
Fecha de publicación, distribución, etc. 1960 (
Fabricante Tip. Belmar)
300 ## - DESCRIPCIÓN FÍSICA
Extensión 184 p. ;
Dimensiones 21 cm.
600 14 - PUNTO DE ACCESO ADICIONAL DE MATERIA--NOMBRE DE PERSONA
Nombre de persona Belluga y Moncada, Luis.
9 (RLIN) 27285
650 #4 - PUNTO DE ACCESO ADICIONAL DE MATERIA--TÉRMINO DE MATERIA
Término de materia o nombre geográfico como elemento de entrada Iglesia y Estado-
Subdivisión geográfica España-
Subdivisión cronológica S.XVIII.
9 (RLIN) 140389
710 0# - ENTRADA AGREGADA--NOMBRE DE ENTIDAD CORPORATIVA
Nombre de entidad corporativa o nombre de jurisdicción como elemento de entrada Academia Alfonso X el Sabio
9 (RLIN) 1142
852 ## - LOCALIZACIÓN
Ubicación ES-MaACL
Número de control de estantería C-19604
Holdings
Estatus retirado Estado de pérdida Estado de daño No para préstamo Biblioteca de origen Biblioteca actual Ubicación en estantería Fecha de adquisición Fuente de adquisición Total de préstamos Signatura topográfica completa Código de barras Visto por última vez Precio de reemplazo Tipo de ítem Koha
        Biblioteca del Ateneo de Madrid Biblioteca del Ateneo de Madrid Galería 17/01/2008     C-19604 1102663 23/02/2023 23/02/2023 Libro impreso